zpět

Detail výsledku týmu

The Pub Praha 2 PO, Praha

Datum a čas kvízu

30.5 Celkem bodů Celkový počet nahraných bodů na tomto kvízu bez doplňovacích otázek.
8. Pořadí na kvízu Konečné umístění týmu na tomto kvízu.

Zaznamenané odpovědi

# Otázka Odpověď Body Výsledky
1. Minulý týden navštívil naši re... Uctění památky československých parašutistů. 1
2. Na sociálních sítích v těchto... Přejít pyramidu z přepravek. 1
3. V Dubaji byl v úterý spuštěn p... vyhlídkové kolo 1
4. Společnost Škoda Auto ve čtvrt... verze kombi 1
5. Fotbalisté Slovanu Liberec sen... FK Zbuzany 1
6. Toto téma nelze začít jinak, n... 1B 2D 3C 4A 1
7. Mezi nejznámější kutily patří... Pat 1
8. Hlavní postavu kutila Tima ze... Al 0
9. Americký televizní kutilský po... Vanilla Ice 0
10. Do kategorie kutilů můžeme poč... z kuřecích kůžiček 1